[Event "Calchess State Scholastics"]
[Site "Santa Clara"]
[Date "2004.03.21"]
[Round "6"]
[White "Wu, Edward"]
[Black "Wang, J."]
[Result "1/2-1/2"]
[WhiteElo "1712"]
[BlackElo "1483"]
[PlyCount "134"]
[EventDate "2004.03.20"]
[EventType "team"]
[EventRounds "6"]
[EventCountry "USA"]
[SourceTitle "EXT 2007"]
[Source "ChessBase"]
[SourceDate "2006.11.23"]
[SourceVersion "1"]
[SourceVersionDate "2006.11.23"]
[SourceQuality "1"]

1. e4 e6 2. d4 d5 3. Be3 dxe4 4. Nd2 Nf6 5. f3 exf3 6. Ngxf3 Nc6 7. c3 Be7 8. Bd3 b6 9. 0-0 Bb7 10. Qe2 0-0 11. Ne4 Nxe4 12. Bxe4 Rb8 13. Rae1 Na5 14. Bd3 Qd5 15. b3 c5 16. Rd1 cxd4 17. Bxd4 Bc5 18. b4 Bxd4+ 19. Nxd4 Nc6 20. Nf3 Qh5 21. Qe3 Ne7 22. Ne5 Nd5 23. Qg3 Rbd8 24. Rde1 Nxc3 25. Bxh7+ Qxh7 26. Qxc3 f6 27. Nc6 Bxc6 28. Qxc6 e5 29. Qc4+ Kh8 30. Rf2 Qd3 31. Qc7 Qd7 32. Qc4 Qd4 33. Qb3 Qd3 34. Qb2 Qd4 35. Qa3 Rfe8 36. Qh3+ Kg8 37. a3 e4 38. Qb3+ Qd5 39. Qe3 Qd3 40. Rfe2 Qxe3+ 41. Rxe3 f5 42. R1e2 Kf7 43. Kf2 Re5 44. g3 Kf6 45. h4 g5 46. hxg5+ Kxg5 47. Kg2 Red5 48. Ra2 Rd2+ 49. Re2 Rxa2 50. Rxa2 f4 51. gxf4+ Kxf4 52. Kf2 e3+ 53. Ke2 Ke4 54. Rc2 a6 55. Rc6 Rd2+ 56. Ke1 Ra2 57. Rxb6 Rxa3 58. b5 axb5 59. Rxb5 Kf3 60. Rf5+ Ke4 61. Rf8 Ra5 62. Re8+ Re5 63. Rxe5+ Kxe5 64. Ke2 Ke4 65. Ke1 Kd3 66. Kd1 Kd4 67. Ke2 Ke4 1/2-1/2

[Event "Calchess State Scholastics"]
[Site "Santa Clara"]
[Date "2004.03.20"]
[Round "2"]
[White "Jasthi, Sreekar"]
[Black "Wu, Edward"]
[Result "0-1"]
[WhiteElo "1270"]
[BlackElo "1712"]
[PlyCount "52"]
[EventDate "2004.03.20"]
[EventType "team"]
[EventRounds "6"]
[EventCountry "USA"]
[SourceTitle "EXT 2007"]
[Source "ChessBase"]
[SourceDate "2006.11.23"]
[SourceVersion "1"]
[SourceVersionDate "2006.11.23"]
[SourceQuality "1"]

1. e4 e5 2. Nf3 d5 3. exd5 Bd6 4. c4 Nf6 5. Nc3 e4 6. Ng5 0-0 7. Be2 Re8 8. f3 Bf5 9. Qc2 exf3 10. Qxf5 fxe2 11. Nce4 Nbd7 12. b3 Re5 13. Qf3 Qe8 14. Nxf6+ Nxf6 15. h4 h6 16. Bb2 Re7 17. Bxf6 gxf6 18. Rh3 fxg5 19. hxg5 Re5 20. Qf6 Rxg5 21. Kf2 Bg3+ 22. Rxg3 Rxg3 23. Rh1 Rg6 24. Qh4 Qe5 25. Ke1 Re8 26. g4 Qa1+ 0-1

[Event "Calchess State Scholastics"]
[Site "Santa Clara"]
[Date "2004.03.20"]
[Round "3"]
[White "Wu, Edward"]
[Black "Bodwin, Greg"]
[Result "1/2-1/2"]
[WhiteElo "1712"]
[BlackElo "1351"]
[PlyCount "201"]
[EventDate "2004.03.20"]
[EventType "team"]
[EventRounds "6"]
[EventCountry "USA"]
[SourceTitle "EXT 2007"]
[Source "ChessBase"]
[SourceDate "2006.11.23"]
[SourceVersion "1"]
[SourceVersionDate "2006.11.23"]
[SourceQuality "1"]

1. e4 c5 2. Nf3 Nc6 3. c3 d6 4. d4 cxd4 5. cxd4 Bg4 6. Be2 e5 7. dxe5 dxe5 8. 0-0 Bd6 9. Nc3 Nf6 10. Bg5 0-0 11. Nd5 Be7 12. Bxf6 Bxf6 13. Nxe5 Bxe2 14. Nxc6 bxc6 15. Nxf6+ Qxf6 16. Qxe2 Rfe8 17. Rfe1 Re5 18. f3 h5 19. Rac1 h4 20. h3 Qg6 21. Qf2 Rg5 22. Rc2 Rg3 23. Kh1 Re8 24. Rec1 Re6 25. Qxa7 Kh7 26. a4 Qg5 27. Qc5 Re5 28. Qxc6 Qf4 29. Qc4 Reg5 30. Qe2 Rxg2 31. Qxg2 Rxg2 32. Kxg2 Qg3+ 33. Kf1 Qxf3+ 34. Ke1 Qxe4+ 35. Re2 Qxa4 36. Rc3 Qb4 37. Kd1 Qd4+ 38. Kc2 Qa4+ 39. b3 Qa2+ 40. Kd3 Qb1+ 41. Kc4 Qg6 42. b4 Qf5 43. Ree3 g5 44. b5 g4 45. hxg4 Qxg4+ 46. Kc5 Qf5+ 47. Kc6 Qc8+ 48. Kb6 Qd8+ 49. Kc5 Qc7+ 50. Kb4 Qd6+ 51. Ka4 Qd4+ 52. Ka3 Qb6 53. Rb3 Qa5+ 54. Kb2 Qd2+ 55. Ka1 Qc1+ 56. Ka2 Qc2+ 57. Rb2 Qa4+ 58. Ra3 Qc4+ 59. Kb1 Qf1+ 60. Kc2 Qc4+ 61. Rc3 Qa4+ 62. Kd3 h3 63. b6 Qd7+ 64. Kc4 Qc6+ 65. Kd4 Qd6+ 66. Ke3 Qe5+ 67. Kd3 h2 68. Rxh2+ Qxh2 69. Kc4 Qd6 70. Kb5 Qe7 71. Rc7 Qe8+ 72. Ka6 Qa4+ 73. Kb7 Kg6 74. Rc6+ f6 75. Kc7 Qa5 76. Kd6 Qe5+ 77. Kd7 Qb8 78. Ke7 Qb7+ 79. Kd6 Kg5 80. Kc5 Qe7+ 81. Rd6 f5 82. Kc6 Qe8+ 83. Kc7 Qe7+ 84. Rd7 Qc5+ 85. Kb7 f4 86. Rc7 Qa5 87. Kc6 Qa6 88. Kc5 Qa5+ 89. Kc6 Qa4+ 90. Kc5 Qa8 91. b7 Qa5+ 92. Kc6 Qa4+ 93. Kc5 Qa7+ 94. Kc6 f3 95. Rc8 Qa6+ 96. Kc7 Qc4+ 97. Kd6 Qa6+ 98. Kc7 Qa7 99. Kc6 Qa4+ 100. Kc5 Qa3+ 101. Kc6 1/2-1/2

[Event "Fremont Weibel CC"]
[Site "Fremont"]
[Date "2002.02.06"]
[Round "?"]
[White "Tao, Gary"]
[Black "Wu, Edward"]
[Result "1-0"]
[WhiteElo "1093"]
[BlackElo "1091"]
[PlyCount "145"]
[EventDate "2002.02.06"]
[EventType "swiss"]
[EventRounds "3"]
[EventCountry "USA"]
[SourceTitle "EXT 2009"]
[Source "ChessBase"]
[SourceDate "2008.11.26"]
[SourceVersion "1"]
[SourceVersionDate "2008.11.26"]
[SourceQuality "1"]

1. e4 e5 2. d4 exd4 3. c3 d5 4. exd5 Nf6 5. cxd4 Bb4+ 6. Bd2 Bxd2+ 7. Qxd2 0-0 8. Nf3 Nxd5 9. Nc3 Nc6 10. 0-0-0 Bf5 11. Bd3 Bxd3 12. Qxd3 Re8 13. h4 Nf4 14. Qf5 Ne2+ 15. Nxe2 Rxe2 16. Ng5 h6 17. Qxf7+ Kh8 18. Ne6 Qg8 19. Qxc7 Rxe6 20. d5 Re7 21. Qd6 Rc8 22. Kb1 Nb4 23. Qxb4 Rd7 24. d6 Rc6 25. Rhe1 Qh7+ 26. Ka1 Qg6 27. Qf4 Rcxd6 28. Rxd6 Qxd6 29. Re8+ Kh7 30. Qf5+ g6 31. Qb1 Qh2 32. g3 Qxf2 33. Qe1 Qxe1+ 34. Rxe1 Rd3 35. Rg1 Kg7 36. Kb1 Kf6 37. Kc2 Rf3 38. Rg2 Kf5 39. g4+ Kf4 40. g5 h5 41. Rd2 Kg4 42. Rd6 Kxh4 43. Rxg6 Rf5 44. Rg7 Rxg5 45. Rxb7 Kg3 46. Rxa7 h4 47. Ra3+ Kg2 48. Rd3 h3 49. Rd2+ Kh1 50. b4 Rg2 51. b5 Rxd2+ 52. Kxd2 Kg2 53. b6 h2 54. b7 h1Q 55. b8Q Qh6+ 56. Kc2 Qg6+ 57. Kb2 Qf6+ 58. Ka3 Qc3+ 59. Qb3 Qa5+ 60. Kb2 Qe5+ 61. Kc1 Qa1+ 62. Qb1 Qc3+ 63. Qc2+ Qxc2+ 64. Kxc2 Kf3 65. Kd3 Kf4 66. Kd4 Kf5 67. Kd5 Kf6 68. Kd6 Kf5 69. a4 Ke4 70. a5 Kd4 71. a6 Kc4 72. a7 Kd4 73. a8Q 1-0